000 00249 a2200097 4500
001 11848
100 _aGsousike, D
245 _aGovernment, law and courtsin the soviet union and estern europe
260 _a
_bAtlantic books
_c
090 _c9104
_d9104
942 _aNUST-CAE
_cM
_c35939
999 _c246921
_d246921